00627 a2200181 4500020001500000040001300015082001500028100001500043245006900058250001200127260004300139300003400182500002000216650002400236650002300260856008800283856007400371 a9971512041 aDLCbDLC00a621.31/0421 aSen, P. C.10aPrinciples of electric machines and power electronicscP.C. Sen. a2nd ed. aNew York :bJohn Wiley & Sons,cc1997. axxi, 615 p. :bill. ;c25 cm. aIncludes index. 0aElectric machinery. 0aPower electronics.423Publisher descriptionuhttp://www.loc.gov/catdir/description/wiley033/96047305.html423Table of Contentsuhttp://www.loc.gov/catdir/toc/onix04/96047305.html